Historia física y política de Chile: agricultura

Gespeichert in:
Bibliographische Detailangaben
1. Verfasser: Gay, Claudio (1800-1873)
Format: Buch
Sprache:Spanisch
Veröffentlicht: Santiago, Chile Cámara Chilena de la Construcción 2009
Santiago, Chile Pontificia Universidad Católica de Chile 2009
Santiago, Chile Dirección de Bibliotecas, Archivos y Museos 2009
Schriftenreihe:Biblioteca Fundamentos de la Construcción de Chile, 28-29
Schlagworte:
Tags: Tag hinzufügen
Keine Tags, Fügen Sie den ersten Tag hinzu!

MARC

LEADER 00000nam a2200000 a 4500
001 UCG6920
003 CL-VaPUC
005 20250121152149.0
008 110602e20090000cl |||||||||||||||||spa|d
999 |c 345028  |d 345026 
020 |a 9789568306083 (o.c) 
020 |a 9789568306236 (t.1) 
020 |a 9789568306243 (t.2) 
040 |c Pontificia Universidad Católica de Valparaíso 
082 0 4 |a 630.983 GAY 2009  |2 21 
100 |a Gay, Claudio,  |e 1800-1873  |9 435569 
245 1 0 |a Historia física y política de Chile:  |b  agricultura 
260 |a Santiago, Chile  |b Cámara Chilena de la Construcción  |c 2009 
260 |a Santiago, Chile  |b Pontificia Universidad Católica de Chile  |c 2009 
260 |a Santiago, Chile  |b Dirección de Bibliotecas, Archivos y Museos  |c 2009 
300 |a 2 tomos 
490 0 |a Biblioteca Fundamentos de la Construcción de Chile,  |v  28-29 
500 |a t.1-t.2. c.2. Donación VRA- N. Vásquez L.  
505 |a t.1 y t.2 . Agricultura 
583 |a last modification  |c 20130724 05:44:04  |k Rodrigo Vera 
650 0 |a Agricultura  |z CHILE  |9 255598 
650 0 |a Historia de Chile  |x AGRICULTURA  |9 265473 
650 7 |a DOCUMENTOS HISTORICOS  |2 CL-VaPUC  |9 438868  |z CHILE 
650 0 |a Fuentes Históricas  |z CHILE  |9 265141 
852 |a BIBCUR 
942 |c BK  |2 ddc 
945 |d 20110602 00:00:00  |a cmena 
952 |0 0  |1 0  |2 ddc  |4 0  |6 630_983000000000000_GAY_2009_2009_2009  |7 0  |8 A  |9 443421  |a BIBHIS  |b BIBHIS  |d 2019-11-22  |h t.1  |i 4781724  |o 630.983 GAY 2009 2009 2009  |p 4781724  |r 2025-01-20  |t 1  |w 2019-11-22  |y BK  |k HIS 
952 |0 0  |1 0  |2 ddc  |4 0  |6 630_983000000000000_GAY_2009_2009_2009  |7 0  |8 A  |9 443422  |a BIBHIS  |b BIBHIS  |d 2019-11-22  |h t.2  |i 4781732  |o 630.983 GAY 2009 2009 2009  |p 4781732  |r 2025-01-20  |t 1  |w 2019-11-22  |y BK  |k HIS 
952 |0 0  |1 0  |2 ddc  |4 0  |6 630_983000000000000_GAY_2009  |7 0  |8 A  |9 577792  |a BIBHIS  |b BIBHIS  |d 2021-05-18  |h t.1  |i 5621100  |o 630.983 GAY 2009  |p 5621100  |r 2025-01-20  |t 2  |w 2021-05-18  |y BK  |k HIS 
952 |0 0  |1 0  |2 ddc  |4 0  |6 630_983000000000000_GAY_2009  |7 0  |8 A  |9 577793  |a BIBHIS  |b BIBHIS  |d 2021-05-18  |h t.2  |i 5621119  |o 630.983 GAY 2009  |p 5621119  |r 2025-01-20  |t 2  |w 2021-05-18  |y BK  |k HIS